| 000 | 01147nam a22003617a 4500 | ||
|---|---|---|---|
| 001 | BR0603166 | ||
| 003 | BR-BrBNA | ||
| 005 | 20230928102221.0 | ||
| 007 | ta | ||
| 008 | 230509b bl.||||| |||| 00| 0 por d | ||
| 040 |
_aBR-BrBNA _bpor _cBiblioteca Nacional de Agricultura |
||
| 041 | _a(Por) | ||
| 072 |
_aF62; F50 _b2480 |
||
| 090 | _ 2480 BR0603166 | ||
| 100 | 1 | _aMiguel, A.A. | |
| 110 | 1 |
_aUniversidade Federal de Lavras, MG (Brasil) _0Tese (Doutorado) |
|
| 245 | 1 | _aComportamento fotossintético e caracterização morfoanatômica de folhas de diferentes clones de seringueira (Hevea spp.), em Lavras - MG | |
| 260 | 3 |
_aLavras, MG (Brasil): _c2006. |
|
| 300 | _a155 p. | ||
| 500 | _aSummaries (Eng, Por); Several, bibliography; 13 tables; 17 illus. | ||
| 650 | _aSERINGUEIRA | ||
| 650 | _aPLANTA PRODUTORA DE BORRACHA | ||
| 650 | _aCLONE | ||
| 650 | _aFOTOSSÍNTESE | ||
| 650 | _aFISIOLOGIA VEGETAL | ||
| 650 | _aCARACTERÍSTICAS AGRONÔMICAS | ||
| 650 | _aMORFOLOGIA VEGETAL | ||
| 650 | _aANÁLISE FOLIAR | ||
| 650 | _aFENOLOGIA | ||
| 650 | _aMINAS GERAIS | ||
| 909 |
_a202309 _bLucia _c55 _dLucia Elande |
||
| 942 | _cBK | ||
| 999 |
_c69702 _d69702 |
||